Zegeri Bernardi Van-Espen ... Jus Ecclesiasticum Universum antiquae et recentioris disciplinae (Record no. 153955)
[ view plain ]
| 000 -LEADER | |
|---|---|
| campo de control de longitud fija | 00856nam a2200217 i 4500 |
| 001 - NÚMERO DE CONTROL | |
| campo de control | 153955 |
| 003 - IDENTIFICADOR DE NÚMERO DE CONTROL | |
| campo de control | ES-MaACL |
| 005 - FECHA Y HORA DE LA ÚLTIMA TRANSACCIÓN | |
| campo de control | 20250730063136.0 |
| 008 - DATOS DE LONGITUD FIJA--INFORMACIÓN GENERAL | |
| campo de control de longitud fija | 960214s1789 it |||| | lat d |
| 040 ## - FUENTE DE CATALOGACIÓN | |
| Centro catalogador/agencia de origen | EUS |
| Lengua de catalogación | spa |
| Centro/agencia transcriptor | EUS |
| 100 1# - ENTRADA PRINCIPAL--NOMBRE DE PERSONA | |
| Nombre de persona | Espen, Zergen Bernard van, |
| Fechas asociadas al nombre | 1646-1726 |
| 9 (RLIN) | 126963 |
| 245 10 - MENCIÓN DEL TÍTULO | |
| Título | Zegeri Bernardi Van-Espen ... Jus Ecclesiasticum Universum antiquae et recentioris disciplinae |
| Resto del título | : tomus sextus : Dissertationes, tractatus et opuscula varia. |
| 260 ## - PUBLICACIÓN, DISTRIBUCIÓN, ETC. | |
| Lugar de publicación, distribución, etc. | Venetiis : |
| Nombre del editor, distribuidor, etc. | Ex typographia Balleoniana, |
| Fecha de publicación, distribución, etc. | 1789. |
| 300 ## - DESCRIPCIÓN FÍSICA | |
| Extensión | XII, 582 p., [1] h. en bl. ; |
| Dimensiones | 4º. |
| 596 ## - NOTA AL PIE DE IMPRENTA | |
| NOTA AL PIE DE IMPRENTA | Marca tip. en port. |
| 597 ## - NOTA DE DESCRIPCIÓN FÍSICA | |
| NOTA DE DESCRIPCIÓN FÍSICA | Sign.:a6, A-Z8, 2A-2M8, 2N12. |
| 597 ## - NOTA DE DESCRIPCIÓN FÍSICA | |
| NOTA DE DESCRIPCIÓN FÍSICA | Texto a dos col. |
| 650 07 - PUNTO DE ACCESO ADICIONAL DE MATERIA--TÉRMINO DE MATERIA | |
| Término de materia o nombre geográfico como elemento de entrada | Derecho canónico |
| Fuente del encabezamiento o término | embne |
| 9 (RLIN) | 11655 |
| 852 ## - LOCALIZACIÓN | |
| Ubicación | ES-MaACL |
| Número de control de estantería | R-774-85 |
| Nota libre | -- Enc. pasta española |
| Encuadernación | -- Olim: G-6783-94 |
| Estatus retirado | Estado de pérdida | Estado de daño | No para préstamo | Colección | Biblioteca de origen | Biblioteca actual | Ubicación en estantería | Fecha de adquisición | Total de préstamos | Signatura topográfica completa | Código de barras | Visto por última vez | Precio de reemplazo | Tipo de ítem Koha |
|---|---|---|---|---|---|---|---|---|---|---|---|---|---|---|
| Libros del s. XVIII | Biblioteca del Ateneo de Madrid | Biblioteca del Ateneo de Madrid | Depósito | 17/01/2008 | R-774-85 | 1160965 | 23/02/2023 | 23/02/2023 | Libro impreso antiguo |
